000 00441cam a2200181ua 4500
020 _c7.60
041 _aeng
_h
082 _a629.2223
_bBRO/YO
100 _aBrooks, Roy .
245 _aYour car questions answered /
_cRoy Brooks.
_hTextual Documents
250 _a1 /
_b.
260 _aLondon :
_bGeorge G Harrap & Co Ltd ,
_c1963.
300 _a144 ; .
365 _a7.60
504 _a
942 _cBK
999 _c10273
_d10273